ARRUPE JESUIT UNIVERSITY

CORONAVIRUS -STOP THE SPREAD - CLEAN,DISINFECT,COVER

This great argument; (Record no. 129670)

MARC details
000 -LEADER
fixed length control field 00976cam a2200241u 4500
001 - CONTROL NUMBER
control field 7383229
003 - CONTROL NUMBER IDENTIFIER
control field ARRUPE
005 - DATE AND TIME OF LATEST TRANSACTION
control field 20190603110040.0
008 - FIXED-LENGTH DATA ELEMENTS--GENERAL INFORMATION
fixed length control field 830517s1941 njuh b 001 0 eng
010 ## - LIBRARY OF CONGRESS CONTROL NUMBER
LC control number 41025819
040 ## - CATALOGING SOURCE
Original cataloging agency DLC
Transcribing agency CarP
Modifying agency DLC
050 00 - LIBRARY OF CONGRESS CALL NUMBER
Classification number PR3592.R4
Item number K4
300 ## - PHYSICAL DESCRIPTION
Dimensions 24 cm.
100 1# - MAIN ENTRY--PERSONAL NAME
Personal name Kelley, Maurice
9 (RLIN) 46573
245 10 - TITLE STATEMENT
Title This great argument;
Remainder of title a study of Milton's De doctrina christiana as a gloss upon Paradise lost
Statement of responsibility, etc Maurice Kelley
260 ## - PUBLICATION, DISTRIBUTION, ETC. (IMPRINT)
Place of publication, distribution, etc Massachussetts
Name of publisher, distributor, etc Peter Smith
Date of publication, distribution, etc 1962
300 ## - PHYSICAL DESCRIPTION
Extent xiv, 269 p. ;
504 ## - BIBLIOGRAPHY, ETC. NOTE
Bibliography, etc Includes bibliographical references (p. [255]-257 and indexes.
600 10 - SUBJECT ADDED ENTRY--PERSONAL NAME
Personal name Milton, John,
Dates associated with a name 1608-1674
General subdivision Religion.
9 (RLIN) 1920
600 10 - SUBJECT ADDED ENTRY--PERSONAL NAME
Personal name Milton, John,
Dates associated with a name 1608-1674.
Title of a work De doctrina christiana.
9 (RLIN) 46574
600 10 - SUBJECT ADDED ENTRY--PERSONAL NAME
Personal name Milton, John,
Dates associated with a name 1608-1674.
Title of a work Paradise lost.
9 (RLIN) 37541
906 ## - LOCAL DATA ELEMENT F, LDF (RLIN)
a 0
b cbc
c premunv
d u
e ncip
f 19
g y-gencatlg
942 ## - ADDED ENTRY ELEMENTS (KOHA)
Source of classification or shelving scheme Library of Congress Classification
Koha item type Monograph ( Printed materials)
Holdings
Withdrawn status Lost status Source of classification or shelving scheme Damaged status Not for loan Collection code Home library Current library Shelving location Date acquired Total Checkouts Full call number Barcode Date last seen Price effective from Koha item type
    Library of Congress Classification     Main Collection ARRUPE LIBRARY ARRUPE LIBRARY Main Collection 03/06/2019   PR3592.R4 K4 46600004855 03/06/2019 03/06/2019 Monograph ( Printed materials)

 

Arrupe Library. PO Box MP320 Mt Pleasant, Harare, Zimbabwe
263 242 745411|librarian@aju.ac.zw